000 00624nam a22001817a 4500
003 OSt
005 20260421090342.0
008 260421b |||||||| |||| 00| 0 eng d
020 _a6015227
040 _aDWCL-Main lib
_cOC
082 _aCirc. 207 C694 1960
100 _aCollins, Joseph REV.
245 _aConfraternity teacher's guide :
_ba textbook for the training of teachers in ccd schools of religion/
_cCollins, Joseph REV.
260 _aMilwaukee :
_bThe Bruce Publishing Company,
_cc1960
300 _axxix, 458 pages :
_billustrations ;
_c21cm.
504 _aIncludes index.
942 _2ddc
_cBK-CIRC
_hCirc.
_n0
999 _c9620
_d9620